The little island
Αποθηκεύτηκε σε:
| Μορφή: | Βιβλίο |
|---|---|
| Γλώσσα: | English |
| Δημοσίευση: |
[New York] :
Random House,
[2003].
|
| Σειρά: | Doubleday Book for Young Readers
|
| Θέματα: | |
| Ετικέτες: |
Προσθήκη ετικέτας
Δεν υπάρχουν, Καταχωρήστε ετικέτα πρώτοι!
|
MARC
| LEADER | 00000cam a2200000 i 4500 | ||
|---|---|---|---|
| 001 | 1/85028 | ||
| 008 | 080515s2003 us | ||| |||| ||eng|| | ||
| 020 | |a 0385746407 (hbk., trade) | ||
| 035 | |l 10097325 | ||
| 040 | |a GR-MY-UA |b gre |e aacr | ||
| 041 | 0 | |a eng | |
| 082 | 0 | |a 808.068 |2 (22) | |
| 245 | 1 | 4 | |a The little island / |c by Margaret Wise Brown ; with illustrations by Leonard Weisgard. |
| 260 | |a [New York] : |b Random House, |c [2003]. | ||
| 300 | |a π. 40 σ. : |b έγχρ. εικ. ; |c 21 εκ. | ||
| 490 | 1 | |a Doubleday Book for Young Readers | |
| 650 | 0 | 0 | |a Islands |x Juvenile fiction. |
| 650 | 0 | 0 | |a Seasons |x Juvenile fiction. |
| 650 | 0 | 0 | |a Children's literature. |
| 650 | 0 | 0 | |a Illustrated children's books. |
| 655 | 7 | |a Fairy tales |2 lcgft | |
| 830 | 0 | |a Doubleday Book for Young Readers | |
| 852 | |a INST |b RHODES |e 20080515 |h 808.068 BRO |p 005400029202 |q 005400029202 |t BK |y 0 | ||
| 901 | |a BIBL4-2008-2 | ||
| 909 | |a Ρ |b 152581 | ||
| 922 | |a 4ΕΛΗ |b 200803 |c ΕΠΕΑΕΚ2/ΤΕΠΑΕΣ |d ΕΛΕΥΘΕΡΟΥΔΑΚΗΣ | ||
| 970 | |a ΧΑΡΙΟΠΟΛΙΤΟΥ |b ΚΩΝΣΤΑΝΤΙΝΑ |z 2008/05/15 | ||